00467 a2200157 4500020001500000082001900015100007100034245001800105260002800123300002800151650005500179700001500234700001800249700001600267700002600283 a9729027277 a303.482bP191o aArango, Ana, Dawson, Daniel, Gama, Victor y Martinez.Ruiz, Barbaro aOdantalan. 02 aBrazilbPangeiartc2002 a125 pbill (col)c22 cm xAngola-civilizacionxculturaxintercambio cultural aAna Arango aDaniel Dawson aVictor Gama aBarbaro Martinez-Ruiz